[Rezension von: Gescher, Norbert, Boot Camp-Programme in den USA]
| Main Author: | |
|---|---|
| Contributors: | |
| Format: | Print Review |
| Language: | German |
| Published: |
2000
|
| In: |
Kriminologisches Journal
Year: 2000, Volume: 32, Issue: 1, Pages: 75-76 |
| Online Access: |
Volltext (kostenfrei) Volltext (kostenfrei) |
| Rights Information: | InC 1.0 |
| Check availability: | HBZ Gateway |
| Keywords: |
MARC
| LEADER | 00000caa a2200000 c 4500 | ||
|---|---|---|---|
| 001 | 1942751869 | ||
| 003 | DE-627 | ||
| 005 | 20260513160350.0 | ||
| 007 | tu | ||
| 008 | 251128s2000 xx ||||| o 00| ||ger c | ||
| 035 | |a (DE-627)1942751869 | ||
| 035 | |a (DE-599)KXP1942751869 | ||
| 040 | |a DE-627 |b ger |c DE-627 |e rda | ||
| 041 | |a ger | ||
| 084 | |a 2,1 |2 ssgn | ||
| 100 | 1 | |a Krasmann, Susanne |d 1961- |e VerfasserIn |0 (DE-588)115521429 |0 (DE-627)077304519 |0 (DE-576)175695709 |4 aut | |
| 109 | |a Krasmann, Susanne 1961- |a Krasmann, S. 1961- | ||
| 245 | 1 | 0 | |a [Rezension von: Gescher, Norbert, Boot Camp-Programme in den USA] |c Susanne Krasmann, Hamburg |
| 264 | 1 | |c 2000 | |
| 336 | |a Text |b txt |2 rdacontent | ||
| 337 | |a ohne Hilfsmittel zu benutzen |b n |2 rdamedia | ||
| 338 | |a Band |b nc |2 rdacarrier | ||
| 540 | |q DE-2619 |a Urheberrechtsschutz 1.0 |2 rs |u http://rightsstatements.org/vocab/InC/1.0/ | ||
| 655 | 7 | |a Rezension |0 (DE-588)4049712-4 |0 (DE-627)106186019 |0 (DE-576)209083166 |2 gnd-content | |
| 700 | 1 | |a Gescher, Norbert |e VerfasserIn des Bezugswerks |4 ant | |
| 773 | 0 | 8 | |i Enthalten in |t Kriminologisches Journal |d Weinheim : Beltz Juventa, 1969 |g 32(2000), 1, Seite 75-76 |w (DE-627)130092207 |w (DE-600)500591-7 |w (DE-576)018208223 |x 0341-1966 |7 nnas |
| 773 | 1 | 8 | |g volume:32 |g year:2000 |g number:1 |g pages:75-76 |
| 787 | 0 | 8 | |i Rezension von |a Gescher, Norbert |t Boot Camp-Programme in den USA |d Mönchengladbach : Forum-Verl. Godesberg, 1998 |h XV, 333 S. |w (DE-627)247713074 |w (DE-576)069123837 |z 3930982307 |
| 856 | 4 | 1 | |u http://hdl.handle.net/10900/179228 |x Resolving-System |z kostenfrei |3 Volltext |7 0 |
| 856 | 4 | 1 | |u http://nbn-resolving.org/urn:nbn:de:bsz:21-dspace-1792287 |x Resolving-System |z kostenfrei |3 Volltext |7 0 |
| 951 | |a AR | ||
| ELC | |b 1 | ||
| LOK | |0 000 xxxxxcx a22 zn 4500 | ||
| LOK | |0 001 4815418802 | ||
| LOK | |0 003 DE-627 | ||
| LOK | |0 004 1942751869 | ||
| LOK | |0 005 20251128094245 | ||
| LOK | |0 008 251128||||||||||||||||ger||||||| | ||
| LOK | |0 040 |a DE-2619 |c DE-627 |d DE-2619 | ||
| LOK | |0 092 |o n | ||
| LOK | |0 852 |a DE-2619 | ||
| LOK | |0 852 1 |9 00 | ||
| LOK | |0 939 |a 2025-11-28 |b l01 | ||
| OAS | |a 1 | ||
| ORI | |a WA-MARC-krimdoka001.raw | ||
